<?xml version="1.0" encoding="UTF-8"?>
<marc:record xmlns:marc="http://www.loc.gov/MARC21/slim">
   <marc:leader>00000nam a2200000 a 4500</marc:leader>
   <marc:datafield ind1="1" ind2=" " tag="100">
      <marc:subfield code="a">Suter, Martin</marc:subfield>
      <marc:subfield code="4">aut</marc:subfield>
      <marc:subfield code="e">Verfasser/-in</marc:subfield>
   </marc:datafield>
   <marc:datafield ind1="0" ind2="0" tag="245">
      <marc:subfield code="a">Lila, Lila</marc:subfield>
   </marc:datafield>
   <marc:datafield ind1="0" ind2="0" tag="245">
      <marc:subfield code="b">Roman</marc:subfield>
   </marc:datafield>
   <marc:datafield ind1=" " ind2="1" tag="264">
      <marc:subfield code="b">Diogenes</marc:subfield>
      <marc:subfield code="c">2004</marc:subfield>
   </marc:datafield>
   <marc:datafield ind1="1" ind2=" " tag="520">
      <marc:subfield code="a">Subtil und entlarvend beschreibt Martin Suter die Geschichte des Kellners David, der durch eine dumme Lüge, mit der er eine Frau beeindrucken wollte, zum gefeierten Literaturstar wird. Den Text, dem er dies verdankt, fand er in einer Schublade eines Nachttischchens. Um Marie, die er von Anfang liebt, zu beeindrucken, gibt er sich als Autor der Liebesgeschichte aus. Marie hat nichts Besseres zu tun, als das Manuskript einem Verlag zu schicken. Man will ihn veröffentlichen . und...</marc:subfield>
   </marc:datafield>
   <marc:datafield ind1=" " ind2=" " tag="020">
      <marc:subfield code="a">9783257063868</marc:subfield>
      <marc:subfield code="9">9783257063868</marc:subfield>
   </marc:datafield>
</marc:record>
